Bài giảng tổ chức học
Giáo trình cung cấp những kiến thức cơ bản của ngành chăn nuôi thú y, trình bày cấu tạo và sắp xếp về mặt tế bào của cơ quan, bộ máy trong cơ thể động vật.
Uloženo v:
| Hlavní autor: | |
|---|---|
| Médium: | Kniha |
| Jazyk: | Undetermined |
| Vydáno: |
Cần Thơ
Trường Đại học Cần Thơ
2000
|
| Témata: | |
| Tagy: |
Přidat tag
Žádné tagy, Buďte první, kdo otaguje tento záznam!
|
| Thư viện lưu trữ: | Trung tâm Học liệu Trường Đại học Cần Thơ |
|---|
| LEADER | 00887nam a2200193Ia 4500 | ||
|---|---|---|---|
| 001 | CTU_39160 | ||
| 008 | 210402s9999 xx 000 0 und d | ||
| 082 | |a 571.5 | ||
| 082 | |b S300 | ||
| 100 | |a Lê, Hoàng Sĩ | ||
| 245 | 0 | |a Bài giảng tổ chức học | |
| 245 | 0 | |c Lê Hoàng Sĩ, Phan Ngọc Anh | |
| 260 | |a Cần Thơ | ||
| 260 | |b Trường Đại học Cần Thơ | ||
| 260 | |c 2000 | ||
| 520 | |a Giáo trình cung cấp những kiến thức cơ bản của ngành chăn nuôi thú y, trình bày cấu tạo và sắp xếp về mặt tế bào của cơ quan, bộ máy trong cơ thể động vật. | ||
| 650 | |a Cells,Histology,Tissues | ||
| 904 | |i Nguyễn Quang Điền, Mai sửa số PL từ 591.8 thành 571.5 chưa in nhãn | ||
| 980 | |a Trung tâm Học liệu Trường Đại học Cần Thơ | ||